000 01136nam a2200229 i 4500
001 86338
003 ES-MaACL
005 20250816045523.0
007 t|
008 041228s1997 sp s |||| | spa d
080 _a73.074(460).036(0.034)
110 2 _aRENFE.
_96419
245 1 0 _aColección de escultura contemporánea de RENFE [
_hRecurso electrónico].
260 _a[Madrid] :
_bFundación de los Ferrocarriles Españoles,
_c[1997]
300 _a1 disco compacto (CD-ROM) ;
_c12 cm.
500 _aCaracterísticas del sistema: PC 486/66 con 8 MB de RAM (se recomienda 16 MB); tarjeta y monitor SuperVGA; unidad de CD-ROM 2x (se recomienda 4x); Windows 95; QuickTime (incluido); tarjeta de sonido de 16 bits.-Macintosh: Power PC con 16 MB de RAM; monitor de 14"; unidad de CD-ROM 2x (se recomienda 4x); sistema operativo 7.1 o superior; QuickTime (incluido)
610 2 7 _aRENFE-
_xColecciones de arte-
_vCatálogos-
_vCD-ROM.
_96421
650 7 _aEscultura española-
_vCatálogos
_2
_9169703
710 2 _aFundación de los Ferrocarriles Españoles.
_94275
852 _aES-MaACL
_jROT 1/5/16
999 _c86338
_d86338